000 00409nam a2200157Ia 4500
003 Ost
005 20260225132557.0
008 260225s9999||||xx |||||||||||||| ||und||
040 _cfsic
041 _afre
082 _a302.23
100 _aAnissa Brahim Errahmani
_eAuteur
245 0 _aLadolescence délinquante entre responsabilité et fatalité /
245 0 _cAnissa Brahim Errahmani
942 _cكتاب
999 _c34516
_d34516